1650 1060 1219 1865 1663 1142 1069 1988 1243 1734 1031 1836 1406 1953 1119 1880 1420 1834 1845 1827 1315 1609 1048 1404 1684 1181 1823 1850 1768 1653 1786 1657 1473 1845 1189 1825 1640 1889 1030 1981 1432 1430 1177 1482 1081 1833 1668 1072 1980 1458 1588 1674 1717 1916 1856 1462 1057 1542 1171 1181 1159 1120 1503 1967 1109 1652 1709 1925 1888 1173 1737 1031 1528 1030 1597 1952 1224 1582 1265 1209 1975 1071 1186 1108 1838 1819 1917 1369 1423 1143 1611 1777 1168 1563 1908 1807 1634 1565 1876 BCNSPRNW ULIB Ver.6.0+V

เปลี่ยนเป็นภาษาไทย

Change to English
 แสดงรายละเอียดบรรณานุกรม
  กลับหน้าหลัก

Brief Record : Get Marc (ISO 2709) : E-mail record : QR code < ปิดหน้าต่าง
LEADER : 00000nam 2200000uu 4500
001    13399121576
003     ULIB
008    121123s2550||||th 000 0 tha d
060  4 ^aWV100^bว432ร
100 0  ^aวันทนีย์ บุญบงการ
245 00 ^aความรู้เรื่องโรค:โรคทางระบบหู ตา คอ จมูกและกลุ่มอุบัติเหตุ/^cวันทนีย์ บุญบงการ
260    ^aกรุงเทพฯ:^bสำนักพิมพ์ยูบุ๊ค,^c2550
300    ^a79 หน้า :^bภาพประกอบสี
650  7 ^aโรคทางระบบหู ตา คอ จมูก
650  7 ^aอุบัติเหตุ
856    ^aวิภา
945    ^p0^l0^i16236
999 ^a ใช้งานได้ทุกระบบ
รายการนี้ยังไม่มีแท็ก
คุณยังไม่ได้ล็อกอิน คุณสามารถมีกิจกรรมร่วมกับเว็บไซต์ได้ แต่ต้องล็อกอินก่อน ::
  ล็อกอิน

รายการสื่อสารสนเทศ

ลำดับที่ ประเภท เลขเรียก/บาร์โค้ด สถานที่ สถานะ
1. วิทยาศาสตร์การแพทย์ และสุขภาพ
วิทยาศาสตร์การแพทย์ และสุขภาพ
WV100 ว432ร  
  Barcode: 16236
ห้องสมุดวิทยาเขตสวรรค์ประชารักษ์
►ส่วนจัดเก็บหนังสือเก่า สปร
บนชั้น
  ขอยืม

รายการใกล้เคียง
    ผู้แต่ง [วันทนีย์ บุญบงการ]

    หัวเรื่อง [โรคทางระบบหู ตา คอ จมูก]
    หัวเรื่อง [อุบัติเหตุ]

BibComment


ยังไม่เคยถูกคอมเมนท์

คอมเมนท์ทรัพยากรรายการนี้
  คอมเมนท์: ความรู้เรื่องโรค..


 Copyright 2026. Bcnsprnw @Library